Loading...
| Science - Biology | 4 | 3 | 0 | 1 | 90 | 25 | 67.57 | 5 | 6 |
| Fine Arts - Other Fine Arts | 3 | 5 | 1 | 0 | 90 | 17 | 89.00 | 3 | 8 |
| Literature - American Literature | 3 | 3 | 0 | 0 | 75 | 44 | 86.83 | 3 | 6 |
| Fine Arts - Auditory Fine Arts | 2 | 4 | 0 | 1 | 70 | 9 | 67.00 | 3 | 6 |
| Fine Arts - Visual Fine Arts | 1 | 5 | 1 | 0 | 60 | 40 | 96.00 | 4 | 5 |
| History - European History | 0 | 5 | 0 | 0 | 50 | 79 | 103.80 | 2 | 5 |
| History - American History | 2 | 2 | 1 | 0 | 45 | 41 | 77.75 | 2 | 3 |
| Science - Other Science | 0 | 4 | 0 | 1 | 40 | 77 | 106.50 | 1 | 4 |
| Religion | 1 | 3 | 1 | 2 | 40 | 71 | 93.00 | 0 | 3 |
| Science - Chemistry | 0 | 5 | 2 | 1 | 40 | 53 | 85.40 | 3 | 5 |
| Literature - British Literature | 2 | 2 | 2 | 0 | 40 | 42 | 67.50 | 3 | 4 |
| Literature - European Literature | 0 | 5 | 2 | 1 | 40 | 108 | 116.80 | 2 | 5 |
| History - Other History | 0 | 4 | 1 | 2 | 35 | 73 | 105.25 | 1 | 4 |
| Philosophy | 0 | 3 | 0 | 0 | 30 | 65 | 90.33 | 1 | 3 |
| History - World History | 0 | 3 | 0 | 0 | 30 | 79 | 91.67 | 1 | 3 |
| Other Academic | 1 | 1 | 0 | 0 | 25 | 43 | 77.00 | 1 | 2 |
| Social Science | 1 | 2 | 3 | 0 | 20 | 80 | 92.67 | 2 | 3 |
| Literature - World Literature | 1 | 2 | 3 | 0 | 20 | 56 | 91.67 | 2 | 3 |
| Science - Physics | 0 | 3 | 2 | 0 | 20 | 105 | 118.00 | 0 | 3 |
| Geography | 0 | 1 | 0 | 1 | 10 | 132 | 132.00 | 0 | 1 |
| Current Events | 0 | 1 | 0 | 0 | 10 | 120 | 120.00 | 0 | 1 |
| Mythology | 0 | 1 | 2 | 1 | 0 | 152 | 152.00 | 0 | 0 |